000 01472cam a2200301 i 4500
003 SA-RiAUC
005 20250222070025.0
008 250218s1995 su g 000rpdara c
020 _a9960277488
040 _aSA-JeALM
_bara
_cSA-RiAUC
_erda
082 0 4 _a811.062
_qSA-RiAUC
090 _a811.062
_bم غ ر
100 1 _aمغربي، محمد علي عبد الواحد،
_d1333-1417 هجري
_eمؤلف.
245 1 2 _aالقصيدة النبوية :
_bقصيدة شعرية طويلة تصور حياة الرسول صلى الله عليه وسلم من الميلاد إلى الوفاة /
_cمحمد علي مغربي.
250 _aالطبعة الأولى.
264 1 _a[مكان النشر غير محدد] :
_bمحمد علي عبد الواحد مغربي،
_c1995
264 3 _aجدة، السعودية :
_bمطابع مؤسسة المدينة للصحافة دار العلم
300 _a304 صفحة ؛
_c24 سم
336 _aنص
_btxt
_2rdacontent
_3كتاب
337 _aبدون وسيط
_bn
_2rdamedia
338 _aمجلد
_bnc
_2rdacarrier
500 _aاهداء نن المؤلف محمد علي مغربي بتاريخ 4 شعبان 1416 هـ
600 0 7 _aمحمد (صلى الله عليه وسلم)،
_d53 قبل الهجرة-11 هجري
_vشعر
_2aucnm
650 7 _aالسيرة النبوية
_vشعر
_2aucsh
650 7 _aالمدائح النبوية
_2aucsh
942 _2ddc
_cBOOK
_n0
949 _aSA-JeALM
_d250218
_uosman123
_n1
999 _c6143
_d6143